[Event "2024 New Year TNM: u1200"]
[Site "San Francisco"]
[Date "2024.01.30"]
[Round "4.31"]
[White "Langendorf, Brian Keith"]
[Black "Braithwaite, Andrew"]
[Result "0-1"]
[WhiteElo "739"]
[BlackElo "616"]
[Annotator "Braithwaite,Andrew"]
[PlyCount "100"]
[EventDate "2024.01.09"]
[EventType "swiss"]
[EventRounds "7"]

1. c4 Nf6 2. Nc3 g6 3. g3 Bg7 4. Bg2 O-O 5. e3 c6 6. d4 d5 7. cxd5 cxd5 8. Nge2 {This is the first time I've faced the move Nge2 in this sort of setup, which proved quite venomous keeping the LSB open to d5 and threatening Nf4 down the line} Nc6 9. O-O Bf5 {I spent some time making sure this was the best square for my LSB, checking both the potential pawn attacks as well as the weakening of b7} 10. Qb3 Na5 {And this move defending both d5 and b7 was what I needed to see in order to play Bf5} 11. Qa4 Rc8 12. b4 {Opening up a big hole on c4 and challenging me to occupy it immediately} Nc4 13. Nf4 {I knew I would see this move eventually} Nb6 {The queenside knight's journey continues} 14. Qb3 e6 {Again, burned some time making sure I wasn't going to get my bishop trapped by closing the pawn chain behind it} 15. Ba3 Nc4 {Now that d5 is finally defended by a pawn, back to the outpost! With threats of Nd2} 16. Rad1 Ne4 {At this point my DSB and knight aren't really participating, so I decided this was the best way to get them active, even at the cost of my pawn structure} 17. Nxe4 dxe4 18. b5 {Attacking the rook on f8} Nxa3 {And now that my knight is no longer defended by the pawn on d5, it's time to convert it into the bishop pair and dominance over the dark squares, which are weak around my king} 19. Qxa3 Qb6 {Defending a7, with plans of an e5 break} 20. Rc1 Rfd8 21. Rxc8 Rxc8 22. Rc1 $6 Rxc1+ {Winning the b5 pawn} 23. Qxc1 Qxb5 24. Qc8+ Bf8 25. Qd8 {I didn't see the purpose of this move, which drops the a2 pawn as well} Qb1+ 26. Bf1 Qxa2 $17 27. Qc7 Qb1 28. h3 g5 {Attacking the defender of h3. I was also running low on time and looking for a way to trade off some minors, calculating that the pin on the bishop meant I would keep the recapture initiative after the expected reply of g4} 29. g4 gxf4 30. gxf5 fxe3 $6 31. Qg3+ $1 {And here's the move I missed when I played g5, which regains the initiative for White (and seems to offer White the possibility of a perpetual?)} Kh8 32. fxe3 $2 {In his eagerness to relieve the threat of e2, White missed Qe5+ here which would seem to open up a draw by perpetual?} (32. Qe5+ Kg8 33. Qg3+ Kh8 34. Qe5+) 32... f6 33. Qb8 Kg8 34. fxe6 {And now White is the one with a pin against the bishop and threats to promote} Qb4 {Defending e7 at all costs} 35. Qc8 {Preparing Bc4, although maybe White can play it immediately?} (35. Bc4 Qxc4 36. e7 $1) 35... a5 {Taking the opportunity to stir up some counterplay} 36. Bc4 {Threatening the crushing e7} Qe1+ 37. Bf1 Qxe3+ {And now the passed pawn count is a ridiculous 4-to-2} 38. Kg2 Qg5+ {Swinging the queen back to defend e7} 39. Kf2 f5 {And now, even under 5 minutes on my clock, I feel like I can finally breathe [SF notes I missed the crushing e3+ here]} (39... e3+ 40. Ke2 Qb5+ 41. Kxe3 Qxf1) 40. Bc4 Kg7 41. Qxb7+ Qe7 {Blocking out White's attack, and now he's the one looking for continuations and burning down his block} 42. Qd5 a4 {[Better via SF is Qh4+]} (42... Qh4+) 43. Qe5+ Qf6 44. Qg3+ Qg6 (44... Kh6) 45. Qc7+ Kf6 46. Qd8+ Be7 47. Qd7 $2 {Misplacing the queen and beginning to lose the thread} a3 48. Ba2 $4 e3+ $1 {I'd been under a minute for a few moves, but I spotted e3 here immediately and was grateful for the endgame practice I'd accumulated over the past two weeks. I'm learning!} 49. Kf3 (49. Kxe3 Qg3+ 50. Kd2 Qf2+ 51. Kd1 Qxa2) 49... e2 {Advancing the Trojan passer} 50. Qe8 {And here White, under 2 minutes himself and trying to find a way to save the position (in postmortem, he said he was trying to set up checks against my king), blundered his queen with an immediate and audible "F*CK"} Qxe8 {Up a full queen, Black captured the bishop on a2 and promoted the a-pawn to mate the opponent with 20 seconds left on my clock. Progress!} 0-1

[Event "2024 New Year TNM: Extra Rated"]
[Site "San Francisco"]
[Date "2024.01.30"]
[Round "4"]
[White "Land, Sean"]
[Black "Agdamag, Samuel"]
[Result "1-0"]
[WhiteElo "868"]
[BlackElo "1529"]
[PlyCount "81"]
[EventDate "2024.01.09"]
[EventType "swiss"]
[EventRounds "7"]

1. e4 d5 2. exd5 Qxd5 3. Nc3 Qa5 4. d4 c6 5. Bf4 Nf6 6. Nf3 Bg4 7. Be2 e6 8. a3 Be7 9. O-O O-O 10. h3 Bxf3 11. Bxf3 Nbd7 12. Re1 Rfe8 13. Ne4 Nxe4 14. Bxe4 Nf6 15. Qf3 Rad8 16. c3 Qb6 17. Rab1 Qa5 18. Be5 Nxe4 19. Qxe4 Qd5 20. Qg4 Bf8 21. h4 Qb3 22. h5 Qc2 23. Qh3 Rd5 24. g4 Rb5 25. g5 Bxa3 26. Rbc1 Qxb2 27. Qe3 Rb3 28. h6 Bf8 29. Kg2 Rd8 30. Rh1 g6 31. Qf3 Be7 32. Bf6 Qa3 33. Ra1 Qd6 34. Rxa7 Rb8 35. Be5 Qd8 36. Bxb8 Qxb8 37. Rha1 Bf8 38. Qf6 Qd6 39. Ra8 Qd5+ 40. Kg1 Qd6 41. Qg7# 1-0